| 000 | 02245nam a2200361 4500 | ||
|---|---|---|---|
| 001 | 193223 | ||
| 003 | ES-MaACL | ||
| 005 | 20250709222100.0 | ||
| 007 | ta | ||
| 008 | 231016b sp ||||| |||| 00| 0 spa d | ||
| 040 |
_bspa _cES-MaACL |
||
| 080 | _a929Guerra, Alfonso:32(049.3) | ||
| 080 | _a32(460)"1975/..." | ||
| 100 | 1 |
_aGuerra, Alfonso, _d1940- _eaut _960479 |
|
| 245 | 1 | 3 |
_aLa rosa y las espinas : _bel hombre detrás del político / _cAlfonso Guerra en conversación con Manuel Lamarca |
| 250 | _aPrimera edición: septiembre de 2023 | ||
| 260 |
_aMadrid : _bLa Esfera de los Libros, _c2023 |
||
| 300 |
_a276 páginas ; _c24 cm |
||
| 336 |
_2rdacontent _aTexto |
||
| 337 |
_2rdamedia _asin mediación |
||
| 338 |
_2rdacarrier _avolumen |
||
| 520 | _aEn marzo de 2022, Alfonso Guerra se sentó frente a la cámara del cineasta Manuel Lamarca para hacer un repaso a su trayectoria personal y política. Este libro recoge los mejores momentos de las grabaciones, en las que Guerra se muestra directo y sin las cortapisas de «lo políticamente correcto». El lector podrá conocer los entresijos de la Transición, cómo se desarrolló la elaboración de la Constitución, el golpe de Estado del 23F, la histórica victoria del PSOE de 1982, su trabajo como vicepresidente o su salida del Gobierno. Sin olvidar al hombre detrás del político, su faceta más personal y familiar, así como sus gustos literarios, musicales o cinematográficos, enriquecidos por el trato con las personalidades de todo tipo que ha conocido a lo largo de su vida. | ||
| 600 | 1 | 4 |
_aGuerra, Alfonso, _d1940- _960479 |
| 651 | 4 |
_9159606 _aEspaña- _xPolítica y gobierno- _y1975- |
|
| 700 | 1 |
_9234342 _aLamarca, Manuel, _d1974- |
|
| 852 |
_aES-MaACL _bR. 154756 _cDEPOJ _jN-9372 _xEncuadernación cartoné con sobrecubiertas _9200638 _gDedicatoria autógrafa del autor _hDonación: Alfonso Guerra |
||
| 903 |
_aGuerra, Alfonso, _d1940- _ednr _960479 |
||
| 942 |
_n0 _cMONOGRAFIA |
||
| 999 |
_c193223 _d193223 |
||